Bioestadística sin dificultades matemáticas : (Registro nro. 283844)

Detalles MARC
000 -LEADER
fixed length control field 02031nam a2200421 i 4500
001 - CONTROL NUMBER
control field DIGDISANT0292
003 - CONTROL NUMBER IDENTIFIER
control field NyNyDIG
006 - FIXED-LENGTH DATA ELEMENTS--ADDITIONAL MATERIAL CHARACTERISTICS
fixed length control field m o d
007 - PHYSICAL DESCRIPTION FIXED FIELD--GENERAL INFORMATION
fixed length control field cr |||||||||||
008 - FIXED-LENGTH DATA ELEMENTS--GENERAL INFORMATION
fixed length control field 240301s2021 sp a ob 000 0 spa d
035 ## - SYSTEM CONTROL NUMBER
System control number (OCoLC)1426284021
040 ## - CATALOGING SOURCE
Original cataloging agency DGITA
Language of cataloging eng
Description conventions rda
-- pn
Transcribing agency DGITA
020 ## - INTERNATIONAL STANDARD BOOK NUMBER
International Standard Book Number 9788490523629
Qualifying information (libro electrónico)
020 ## - INTERNATIONAL STANDARD BOOK NUMBER
Canceled/invalid ISBN 9788479789596
Qualifying information (libro en papel)
050 14 - LIBRARY OF CONGRESS CALL NUMBER
Classification number QH323.5 ebook
100 1# - MAIN ENTRY--PERSONAL NAME
Personal name Prieto Valiente, Luis,
Relator term author.
245 10 - TITLE STATEMENT
Title Bioestadística sin dificultades matemáticas :
Remainder of title en busca de tesoros escondidos /
Statement of responsibility, etc. Luis Prieto Valiente, Inmaculada Herranz Tejedor.
264 #1 - PRODUCTION, PUBLICATION, DISTRIBUTION, MANUFACTURE, AND COPYRIGHT NOTICE
Place of production, publication, distribution, manufacture [Madrid, España] :
Name of producer, publisher, distributor, manufacturer Díaz de Santos,
Date of production, publication, distribution, manufacture, or copyright notice 2021.
300 ## - PHYSICAL DESCRIPTION
Extent 1 online resource :
Other physical details illustrations.
336 ## - CONTENT TYPE
Content type term text
Content type code txt
Source rdacontent
337 ## - MEDIA TYPE
Media type term computer file
Media type code c
Source rdamedia
338 ## - CARRIER TYPE
Carrier type term online resource
Carrier type code cr
Source rdacarrier
347 ## - DIGITAL FILE CHARACTERISTICS
File type text file
Source rdaft
347 ## - DIGITAL FILE CHARACTERISTICS
Encoding format PDF
500 ## - GENERAL NOTE
General note "Análisis estadístico de datos en investigación médica y sociológica. Para estudiantes y profesionales de odontología, enfermería, fisioterapia, nutrición, terapia ocupacional, psicología, sociología, mercadotecnia, control de calidad... Incluye 500 ejercicios y 600 preguntas de autoevaluación y anexo con todas las soluciones"--Cover.
504 ## - BIBLIOGRAPHY, ETC. NOTE
Bibliography, etc. note Includes bibliographical references.
588 0# - SOURCE OF DESCRIPTION NOTE
Source of description note Online resource; title from PDF title page (Digitalia, viewed March 1, 2024)
650 #0 - SUBJECT ADDED ENTRY--TOPICAL TERM
Topical term or geographic name entry element Biometry
General subdivision Study and teaching.
650 #0 - SUBJECT ADDED ENTRY--TOPICAL TERM
Topical term or geographic name entry element Medicine
General subdivision Research
-- Statistical methods.
650 #0 - SUBJECT ADDED ENTRY--TOPICAL TERM
Topical term or geographic name entry element Medical statistics.
700 1# - ADDED ENTRY--PERSONAL NAME
Personal name Herranz Tejedor, Inmaculada,
Relator term author.
776 08 - ADDITIONAL PHYSICAL FORM ENTRY
Relationship information Print version:
Main entry heading Prieto Valiente, Luis.
Title Bioestadística sin dificultades matemáticas.
Place, publisher, and date of publication [Madrid, España] : Díaz de Santos, 2010
International Standard Book Number 9788479789596
791 2# -
-- Digitalia (Firm),
-- distributor.
793 0# -
-- Digitalia eBook Collection:
-- Díaz de Santos
856 40 - ELECTRONIC LOCATION AND ACCESS
Materials specified Digitalia Hispánica
Uniform Resource Identifier <a href="https://www.digitaliapublishing.com/a/136259/">https://www.digitaliapublishing.com/a/136259/</a>
910 ## - USER-OPTION DATA (OCLC)
User-option data Premium collection: 2024
942 ## - ADDED ENTRY ELEMENTS (KOHA)
Koha item type Recurso Electrónico
Existencias
Withdrawn status Lost status Damaged status Not for loan Collection Home library Current library Date acquired Total checkouts Date last seen Price effective from Koha item type
        Digitalia Ebooks Hispanica Biblioteca Digital UIN Biblioteca Digital UIN 04/25/2025   04/25/2025 04/25/2025 Recurso Electrónico

CONTACTO


NOSOTROS


SITIOS DE INTERES

coordinacion.biblioteca.biblioteca@unienlinea.mx Misión, Visión y Objetivos Bases de datos
Directorio Bibliotecas Digitales y Repositorios
Normatividad Revistas y artículos
Convenios interbibliotecarios
Boletines



Hecho en México. Universidad Insurgentes (UIN). Todos los derechos reservados 2024. Esta página y sus contenidos pueden ser reproducidos con fines no lucrativos, siempre y cuando no se mutile, se cite la fuente completa y su dirección electrónicas. De otra forma requiere permiso previo por escrito de la institución




2024 Copyright Universidad Insurgentes | www.bibliouin.com.mx